00808nam a2200205 a 450000100100000000500170001000800410002702000150006804000250008308200180010810000430012624500940016926000360026330000350029950000720033450000730040650400320047965000520051170000390056300000658220200929153945.0090901s2006 dr ac 000 0 spa d a9945160648 aDO-SdBNPbspacBNPHU a616.89bS211p1 aSánchez Martínez, Fernando,d1944-13aLa psiquiatría dominicana /cFernando Sánchez Martínez ; prólogo César Mejía. aSanto Domingo :bBúho,c2006. a436 p. :bil., retr. ;c24 cm. aIncluye datos biográficos del autor en las solapas de la cubierta aIncluye referencias bibliográficas y notas al pie de las páginas aBibliografía : p. 429-433 4aPsiquiatríazRepública DominicanaxHistoria12aMejía, Júlio César,epról.